| 000 | 00848nas a2200265 4500 | ||
|---|---|---|---|
| 001 | BR8001408 | ||
| 003 | BR-BrBNA | ||
| 005 | 20231205084222.0 | ||
| 007 | ta | ||
| 008 | 230509b bl.|||p| |||| 00| 00por d | ||
| 040 |
_aBR-BrBNA _bpor _cBiblioteca Nacional de Agricultura |
||
| 041 | _a(Pt) | ||
| 072 | _aL40 | ||
| 100 | 1 | _aRodrigues, M.A. La R. | |
| 100 | 1 | _aPuga, F.R. | |
| 245 | 1 | _aEfeitos do DDT e do aldrin em celulas da linhagem suina IB-RS-2 [Sus domesticus] | |
| 246 | 1 | _aEffects of DDT and aldrin on swine cell line IB-RS-2 [Sus domesticus] | |
| 650 | _aEstrutura animal | ||
| 650 | _aSUÍNO | ||
| 650 | _aInseticida | ||
| 650 | _aCelula | ||
| 773 | 0 |
_tArquivos do Instituto Biologico (Brazil) _xISSN 0020-3653 _g(Jul 1979), v. 46(3-4) p. 63-70 _wBR8001408 |
|
| 909 |
_a202311 _bLúcia _c55 _dLúcia Elande |
||
| 942 |
_2AGRIS _n0 _cANA |
||
| 999 |
_c103836 _d103836 |
||